Statistics for Countries Of The World In 1960

Click here to take the quiz!

General Stats

  • This quiz has been taken 63 times
  • The average score is 99 of 112

Answer Stats

Capital Country % Correct
Andorra la VellaAndorra
96%
Buenos AiresArgentina
96%
East BerlinEast Germany
96%
ParisFrance
96%
Mexico CityMexico
96%
LondonUnited Kingdom
96%
MoscowSoviet Union
96%
OttawaCanada
96%
BonnWest Germany
94%
MadridSpain
94%
Panama CityPanama
94%
LisbonPortugal
94%
HavanaCuba
94%
LuxembourgLuxembourg
94%
BogotáColombia
94%
SantiagoChile
94%
AmmanJordan
94%
San SalvadorEl Salvador
94%
Port-au-PrinceHaiti
94%
AnkaraTurkey
94%
BrasíliaBrazil
94%
Washington, D.C.United States
94%
JerusalemIsrael
94%
BelgradeYugoslavia
94%
CanberraAustralia
94%
WellingtonNew Zealand
94%
VaduzLiechtenstein
92%
TokyoJapan
92%
MonacoMonaco
92%
RomeItaly
92%
AmsterdamNetherlands
92%
PretoriaSouth Africa
92%
OsloNorway
92%
AsunciónParaguay
92%
LimaPeru
92%
San MarinoSan Marino
92%
TehranIran
92%
SeoulSouth Korea
92%
KhartoumSudan
92%
StockholmSweden
92%
BangkokThailand
92%
CairoUnited Arab Republic
92%
MontevideoUruguay
92%
CaracasVenezuela
92%
BaghdadIraq
92%
KabulAfghanistan
92%
CopenhagenDenmark
92%
New DelhiIndia
92%
ViennaAustria
92%
ReykjavikIceland
92%
BrusselsBelgium
92%
TegucigalpaHonduras
92%
SofiaBulgaria
92%
TaipeiTaiwan
92%
HelsinkiFinland
92%
QuitoEcuador
92%
PragueCzechoslovakia
92%
NiameyNiger
90%
LagosNigeria
90%
HanoiNorth Vietnam
90%
Santo DomingoDominican Republic
90%
RiyadhSaudi Arabia
90%
WarsawPoland
90%
BucharestRomania
90%
San JoséCosta Rica
90%
TunisTunisia
90%
Vatican CityVatican City
90%
Addis AbabaEthiopia
90%
DjakartaIndonesia
90%
BeirutLebanon
90%
AthensGreece
90%
DublinIreland
90%
BudapestHungary
90%
TiranaAlbania
90%
TripoliLibya
90%
Guatemala CityGuatemala
90%
Kuala LumpurMalay
90%
BernSwitzerland
88%
BrazzavilleRepublic of the Congo
88%
KathmanduNepal
88%
SeoulNorth Korea
88%
RabatMorocco
88%
UlaanbaatarMongolia
88%
ColomboCeylon
86%
MogadishuSomalia
86%
Phnom PenhCambodia
86%
AccraGhana
86%
NicosiaCyprus
86%
ManaguaNicaragua
84%
AntananarivoMalagasy Republic
84%
DakarSenegal
82%
SucreBolivia
82%
LoméTogo
82%
N'DjamenaChad
82%
RawalpindiPakistan
80%
Porto-NovoDahomey
80%
RangoonBurma
78%
VientianeLaos
78%
SaigonSouth Vietnam
78%
LibrevilleGabon
78%
NouakchottMauritania
78%
ThimphuBhutan
78%
BamakoMali
76%
ConakryGuinea
76%
MonroviaLiberia
76%
YaoundéCameroun
74%
Quezon CityPhilippines
72%
AbidjanIvory Coast
72%
OuagadougouUpper Volta
70%
BanguiCentral African Republic
70%
Ta'izzYemen
68%

Score Distribution

Percentile by Number Answered

Percent of People with Each Score

Your Score History

You have not taken this quiz